000 00432nam a2200181Ia 4500
005 20240823062932.0
008 240823s9999||||xx |||||||||||||| ||und||
041 _aENGLISH
082 _A537 N5
100 _aTewari K K
245 0 _aElectricity and Magetism with Electronics
250 _a2nd
260 _c1995
_b"S.Chand,New Delhi"
500 _aTRANSFERED
650 _aPhysics
_bPhysics
942 _cBK
999 _c237062
_d237062